Un Agent du Comite de surete generale (Record no. 6388)

MARC details
000 -LEADER
campo de control de longitud fija 00915nam a2200265 i 4500
001 - NÚMERO DE CONTROL
campo de control 6388
003 - IDENTIFICADOR DE NÚMERO DE CONTROL
campo de control ES-MaACL
005 - FECHA Y HORA DE LA ÚLTIMA TRANSACCIÓN
campo de control 20231103062524.0
007 - CAMPO FIJO DE DESCRIPCIÓN FÍSICA--INFORMACIÓN GENERAL
campo de control de longitud fija t|
008 - DATOS DE LONGITUD FIJA--INFORMACIÓN GENERAL
campo de control de longitud fija 891009s1968 fr ||||1| fre d
080 ## - NÚMERO DE LA CLASIFICACIÓN DECIMAL UNIVERSAL
Número de la Clasificación Decimal Universal 92 Guenot, Nicolas
080 ## - NÚMERO DE LA CLASIFICACIÓN DECIMAL UNIVERSAL
Número de la Clasificación Decimal Universal 9(44)"1789/1799"
100 1# - ENTRADA PRINCIPAL--NOMBRE DE PERSONA
Nombre de persona Hohl, Claude.
9 (RLIN) 63985
245 13 - MENCIÓN DEL TÍTULO
Título Un Agent du Comite de surete generale
Resto del título : Nicolas Guenot /
Mención de responsabilidad, etc. Claude Hohl.
260 ## - PUBLICACIÓN, DISTRIBUCIÓN, ETC.
Lugar de publicación, distribución, etc. Paris :
Nombre del editor, distribuidor, etc. Bibliotheque Nationale, Commission d'Histoire economique et sociale de la Revolution francaise,
Fecha de publicación, distribución, etc. 1968.
300 ## - DESCRIPCIÓN FÍSICA
Extensión 116 p. ;
Dimensiones 24 cm.
490 1# - MENCIÓN DE SERIE
Mención de serie Memoires et documents ;
Designación de volumen o secuencia XXII
500 ## - NOTA GENERAL
Nota general Indice.
600 14 - PUNTO DE ACCESO ADICIONAL DE MATERIA--NOMBRE DE PERSONA
Nombre de persona Guenot, Nicolas.
9 (RLIN) 60443
651 #4 - PUNTO DE ACCESO ADICIONAL DE MATERIA--NOMBRE GEOGRÁFICO
Nombre geográfico Francia-
Subdivisión general Historia-
Subdivisión cronológica 1789-1799, Revolución
9 (RLIN) 8685
710 2# - ENTRADA AGREGADA--NOMBRE DE ENTIDAD CORPORATIVA
Nombre de entidad corporativa o nombre de jurisdicción como elemento de entrada Bibliothèque nationale de France.
9 (RLIN) 2217
830 0# - PUNTO DE ACCESO ADICIONAL DE SERIE-TÍTULO UNIFORME
Título uniforme Memoires et documents ;
Designación de volumen o secuencia XXII
9 (RLIN) 227803
852 ## - LOCALIZACIÓN
Ubicación ES-MaACL
Número de control de estantería L-13555
Sublocalización o colección R.117173
Holdings
Estatus retirado Estado de pérdida Estado de daño No para préstamo Biblioteca de origen Biblioteca actual Ubicación en estantería Fecha de adquisición Fuente de adquisición Total de préstamos Signatura topográfica completa Código de barras Visto por última vez Precio de reemplazo Tipo de ítem Koha
        Biblioteca del Ateneo de Madrid Biblioteca del Ateneo de Madrid Depósito 2 17/01/2008     L-13555 1006503 23/02/2023 23/02/2023 Libro impreso